00278nam a2200109Ia 450000500170000000800410001710000260005824500490008426000150013330000110014865000090015920260328104331.0260328s9999||||xx |||||||||||||| ||und|| aMcCormack, Catherine  4aThe Art of Looking Up /cCatherine McCormack bWhite Lion a239 p. aARTE